Surveying : Problem Solving with Theory and Objective type Questions (Record no. 216675)

MARC details
000 -LEADER
fixed length control field 00499nam a2200193Ia 4500
008 - FIXED-LENGTH DATA ELEMENTS--GENERAL INFORMATION
fixed length control field 240823s9999||||xx |||||||||||||| ||und||
020 ## - INTERNATIONAL STANDARD BOOK NUMBER
International Standard Book Number 81-224-1389-7
082 ## - DEWEY DECIMAL CLASSIFICATION NUMBER
-- 624 P9
100 ## - MAIN ENTRY--PERSONAL NAME
Personal name Chandra A M
245 #0 - TITLE STATEMENT
Title Surveying : Problem Solving with Theory and Objective type Questions
250 ## - EDITION STATEMENT
Edition statement 1st
260 ## - PUBLICATION, DISTRIBUTION, ETC. (IMPRINT)
Date of publication, distribution, etc 2009
Name of publisher, distributor, etc New Age International (P
Place of publication, distribution, etc New Delhi
500 ## - GENERAL NOTE
General note YES
650 ## - SUBJECT ADDED ENTRY--TOPICAL TERM
Topical term or geographic name as entry element Surveying
942 ## - ADDED ENTRY ELEMENTS (KOHA)
Item type Books
Holdings
Withdrawn status Lost status Damaged status Permanent location Current location Shelving location Date acquired Source of acquisition Cost, normal purchase price Full call number Barcode Date last seen Koha item type
      CENTRAL LIBRARY, NOORUL ISLAM CENTRE FOR HIGHER EDUCATION CENTRAL LIBRARY, NOORUL ISLAM CENTRE FOR HIGHER EDUCATION   01/28/2014 TBH Library Book Suppliers 150.00 624 P9 66269 08/23/2024 Books
Visitors:
Copyright © 2024 Central Library NICHE.  All rights reserved.